Konthala (Record no. 125237)

MARC details
000 -LEADER
fixed length control field 00382nam a2200133Ia 4500
008 - FIXED-LENGTH DATA ELEMENTS--GENERAL INFORMATION
fixed length control field 211122s9999||||xx |||||||||||||| ||und||
082 ## - DEWEY DECIMAL CLASSIFICATION NUMBER
Classification number 920
Item number NAR-K
100 ## - MAIN ENTRY--PERSONAL NAME
Personal name Narayanan, Kalpatta
245 #0 - TITLE STATEMENT
Title Konthala
260 ## - PUBLICATION, DISTRIBUTION, ETC.
Name of publisher, distributor, etc. Mathrubhumi Books
Place of publication, distribution, etc. Kozhikode
630 ## - SUBJECT ADDED ENTRY--UNIFORM TITLE
General subdivision General Stack
650 ## - SUBJECT ADDED ENTRY--TOPICAL TERM
Topical term or geographic name entry element HISTORY AND GEOGRAPHY
942 ## - ADDED ENTRY ELEMENTS (KOHA)
Koha item type BOOK
650 ## - SUBJECT ADDED ENTRY--TOPICAL TERM
Form subdivision BIOGRAPHY,GENEALOGY AND INSIGNIAEnviron. Science
Holdings
Withdrawn status Lost status Damaged status Not for loan Home library Current library Date acquired Cost, normal purchase price Total Checkouts Full call number Barcode Shelving location Date last seen Date last checked out Price effective from Koha item type
        SB LIBRARY SB LIBRARY 22/11/2021 100.00 1 920 NAR-K 00138905 GENERAL STACK 08/01/2024 11/12/2023 22/11/2021 BOOK

Powered by Koha